Acción del oleaje sobre las estructuras exteriores / (Registro nro. 148609)
[ vista simple ]
| 000 -LEADER | |
|---|---|
| campo de control de longitud fija | 01034nam a2200253 i 4500 |
| 001 - NÚMERO DE CONTROL | |
| campo de control | 148609 |
| 003 - IDENTIFICADOR DE NÚMERO DE CONTROL | |
| campo de control | ES-MaACL |
| 005 - FECHA Y HORA DE LA ÚLTIMA TRANSACCIÓN | |
| campo de control | 20250812221538.0 |
| 007 - CAMPO FIJO DE DESCRIPCIÓN FÍSICA--INFORMACIÓN GENERAL | |
| campo de control de longitud fija | t| |
| 008 - DATOS DE LONGITUD FIJA--INFORMACIÓN GENERAL | |
| campo de control de longitud fija | 070214s1968 sp a r ||||1| spa d |
| 080 ## - NÚMERO DE LA CLASIFICACIÓN DECIMAL UNIVERSAL | |
| Número de la Clasificación Decimal Universal | 551.466:627 |
| 080 ## - NÚMERO DE LA CLASIFICACIÓN DECIMAL UNIVERSAL | |
| Número de la Clasificación Decimal Universal | 532.5:627 |
| 100 1# - ENTRADA PRINCIPAL--NOMBRE DE PERSONA | |
| Nombre de persona | Suárez Bores, J. |
| 9 (RLIN) | 108589 |
| 245 10 - MENCIÓN DEL TÍTULO | |
| Título | Acción del oleaje sobre las estructuras exteriores / |
| Mención de responsabilidad, etc. | J. Suárez Bores. |
| 260 ## - PUBLICACIÓN, DISTRIBUCIÓN, ETC. | |
| Lugar de publicación, distribución, etc. | Madrid : |
| Nombre del editor, distribuidor, etc. | Centro de Estudios y Experimentación de Obras Públicas, Laboratorio de Puertos, |
| Fecha de publicación, distribución, etc. | 1968. |
| 300 ## - DESCRIPCIÓN FÍSICA | |
| Extensión | 68 p. : |
| Otras características físicas | il. ; |
| Dimensiones | 27 cm. |
| 490 1# - MENCIÓN DE SERIE | |
| Mención de serie | Centro de Estudios y Experimentación de Obras Públicas. Laboratorio de Puertos ; |
| Designación de volumen o secuencia | 7-B |
| 504 ## - NOTA DE BIBLIOGRAFÍA, ETC. | |
| Nota de bibliografía, etc. | Bibliografía: p. 63-68. |
| 650 #4 - PUNTO DE ACCESO ADICIONAL DE MATERIA--TÉRMINO DE MATERIA | |
| Término de materia o nombre geográfico como elemento de entrada | Olas. |
| 9 (RLIN) | 144225 |
| 710 2# - ENTRADA AGREGADA--NOMBRE DE ENTIDAD CORPORATIVA | |
| Nombre de entidad corporativa o nombre de jurisdicción como elemento de entrada | Centro de Estudios y Experimentación de Obras Públicas. |
| Unidad subordinada | Laboratorio de Puertos (España) |
| 9 (RLIN) | 2687 |
| 830 00 - PUNTO DE ACCESO ADICIONAL DE SERIE-TÍTULO UNIFORME | |
| Título uniforme | Centro de Estudios y Experimentación de Obras Públicas. |
| Nombre de parte o sección de la obra | Laboratorio de Puertos |
| Designación de volumen o secuencia | 7-B |
| 9 (RLIN) | 189888 |
| 852 ## - LOCALIZACIÓN | |
| Ubicación | ES-MaACL |
| Número de control de estantería | 2277-F-7 |
| Encuadernación | Olim P-1412 |
| Estatus retirado | Estado de pérdida | Estado de daño | No para préstamo | Colección | Biblioteca de origen | Biblioteca actual | Ubicación en estantería | Fecha de adquisición | Fuente de adquisición | Total de préstamos | Signatura topográfica completa | Código de barras | Visto por última vez | Precio de reemplazo | Tipo de ítem Koha |
|---|---|---|---|---|---|---|---|---|---|---|---|---|---|---|---|
| Colección de folletos | Biblioteca del Ateneo de Madrid | Biblioteca del Ateneo de Madrid | Depósito folletos | 09/12/2010 | 2277-F-7 | 1184834 | 23/02/2023 | 23/02/2023 | Folleto |
